| 000 | 00432nam a2200133Ia 4500 | ||
|---|---|---|---|
| 001 | 138581 | ||
| 003 | 230751 | ||
| 005 | 20201025200354.0 | ||
| 008 | ||||||n9999 ||| || || | ||
| 100 |
_aCastiblanco Fuquene, Johanna Carolina _9169586 |
||
| 245 | 0 | _aDivisión territorial, un problema que afecta a la calidad en la prestación del servicio de salud en el municipio de Albania Santander | |
| 562 | _e1 | ||
| 942 | _cTESIS | ||
| 999 |
_c138581 _d138581 |
||